Política y antipolítica en el Perú /

Uloženo v:
Podrobná bibliografie
Hlavní autor: Lynch, Nicolás
Korporace: Centro de Estudios y Promoción del Desarrollo, DESCO
Médium: Text
Vydáno: Lima: DESCO
Tagy: Přidat tag
Žádné tagy, Buďte první, kdo vytvoří štítek k tomuto záznamu!

MARC

LEADER 00000 a a2200000 04500
001 27541
003
040
020 |a 9972-670-10-4  
090 |a 0002 L987p  
100 |a Lynch, Nicolás  
110 |a Centro de Estudios y Promoción del Desarrollo  
245 |a Política y antipolítica en el Perú /  |c Centro de Estudios y Promoción del Desarrollo  
260 |a Lima:   |b DESCO  
300 |a 230 p  
710 |a DESCO  
999 |c 11680  |d 11680